| 000 | 00426nam a2200205Ia 4500 | ||
|---|---|---|---|
| 001 | 11780 | ||
| 003 | GE_BSU | ||
| 008 | 181216s||||||||xx |||||||||||||| ||und|| | ||
| 020 | _a0708814727 | ||
| 040 | _cGE_BSU | ||
| 080 | _a821.111-31 | ||
| 100 | _aKrants,Judith | ||
| 245 | _aScruples | ||
| 260 | _aLondon | ||
| 260 | _bFutura Macdonalds | ||
| 260 | _c1982 | ||
| 300 | _a576p.18cm. | ||
| 653 | _aScruples | ||
| 942 | _cBK | ||
| 999 |
_c44959 _d44959 |
||